Pokemon RarelyUsed - Statistiques

Statistiques générales
  • Ce quiz a été pris 28 fois
    17 depuis la dernière actualisation
  • Le résultat moyen est 209 sur 274
Statistiques - réponses
Gen Nom % Correct
5g | 9g Aligatueur
100%
5g Amonistar
100%
7g Arcanin
100%
5g Bouldeneu
100%
8g Célébi
100%
7g Corboss
100%
9g Créfadet
100%
5g Créfollet
100%
5g | 6g | 7g Créhelf
100%
6g | 7g Diancie
100%
9g Drattak
100%
9g Ectoplasma
100%
5g | 9g Entei
100%
3g | 7g Feunard
100%
7g | 9g Flagadoss
100%
6g | 7g Florizarre
100%
7g | 9g Foretress
100%
5g Gaulet
100%
7g Hélédelle
100%
5g Insécateur
100%
9g Jirachi
100%
5g Jungko
100%
3g | 5g Kabutops
100%
9g Leveinard
100%
9g Léviator
100%
3g Magmar
100%
5g | 6g Magnéton
100%
9g Magnézone
100%
5g | 9g Maraiste
100%
7g Méga-Jungko
100%
7g Méga-Tortank
100%
7g Mentali
100%
9g Mew
100%
7g | 8g Milobellus
100%
7g | 8g Nidoqueen
100%
7g | 8g | 9g Noctali
100%
5g Noctunoir
100%
7g | 8g Ossatueur d'Alola
100%
7g | 8g Porygon2
100%
5g | 6g Ptéra
100%
3g Raichu
100%
7g | 8g Raikou
100%
6g | 7g | 8g | 9g Registeel
100%
6g | 7g | 8g | 9g Rhinastoc
100%
5g Rhinoféros
100%
5g | 6g Roigada
100%
7g Ronflex
100%
5g Sablaireau
100%
5g Sulfura
100%
3g | 9g Tarpaud
100%
9g Terrakium
100%
8g Togekiss
100%
6g Tortank
100%
6g | 7g Viridium
100%
7g Zygarde 10%
100%
6g | 7g | 8g Archéodong
80%
3g Azumarill
80%
8g Cablifère
80%
3g Camérupt
80%
5g | 6g Charmina
80%
5g Cliticlic
80%
7g Coatox
80%
5g | 9g Colhomard
80%
3g Colossinge
80%
7g Cresselia
80%
7g | 8g Crustabri
80%
5g Elecsprint
80%
5g Elékable
80%
3g Empiflor
80%
3g | 6g Farfuret
80%
8g Félinferno
80%
5g Fermite
80%
9g Flambusard
80%
3g | 5g Galéking
80%
5g | 6g Gallame
80%
3g Galopa
80%
6g Gamblast
80%
7g | 8g | 9g Gardevoir
80%
9g Hippodocus
80%
6g | 7g Hoopa
80%
6g Karaclée
80%
5g | 6g Kicklee
80%
5g | 6g | 7g Lançargot
80%
6g | 7g | 8g Libégon
80%
8g Lucario
80%
5g Maganon
80%
6g Mamanbo
80%
9g Mammochon
80%
6g Méga-Camérupt
80%
3g Méganium
80%
6g Méga-Oniglali
80%
7g Méga-Pharamp
80%
3g | 5g Mélodelfe
80%
6g Méloetta
80%
7g | 8g Métalosse
80%
5g Motisma
80%
5g | 6g | 7g Motisma tonte
80%
6g Moyade
80%
5g | 7g Mygavolt
80%
9g Pingoléon
80%
7g Rexillius
80%
5g | 6g Roitiflam
80%
7g | 8g Roserade
80%
7g | 9g Rubombelle
80%
8g Scarhino
80%
3g | 8g Sharpedo
80%
8g | 9g Smogogo de Galar
80%
5g | 6g Spiritomb
80%
5g | 8g Steelix
80%
8g | 9g Suicune
80%
8g | 9g Symbios
80%
3g | 5g Tartard
80%
8g Tentacruel
80%
6g Togetic
80%
5g Tygnon
80%
5g | 6g Typhlosion
80%
9g Volcanion
80%
6g | 7g Voltali
80%
7g Yanméga
80%
3g | 5g | 6g Absol
60%
5g Aéroptéryx
60%
9g Blindépique
60%
3g Branette
60%
7g | 8g | 9g Bruyverne
60%
6g | 8g Crapustule
60%
3g | 7g Démanta
60%
6g Démolosse
60%
7g Donphan
60%
5g | 6g Drakkarmin
60%
5g | 6g | 7g Drascore
60%
9g Electhor de Galar
60%
9g Famignol
60%
5g Farfaduvet
60%
7g Florges
60%
5g Frison
60%
7g Gigalithe
60%
6g Goupelin
60%
5g Grindur
60%
9g Hachécateur
60%
5g Hariyama
60%
9g Hastacuda
60%
5g Hexagel
60%
6g Kapoera
60%
7g Kravarech
60%
5g Lanturn
60%
5g | 6g Limaspeed
60%
8g Lugulabre
60%
7g Malamandre
60%
6g | 7g Méga-Branette
60%
8g | 9g Mimiqui
60%
3g M.Mime
60%
7g Muplodocus
60%
9g Muplodocus de Hisui
60%
6g Ohmassacre
60%
5g | 6g Pashmilla
60%
3g Persian
60%
5g Queulorior
60%
5g | 6g Qwilfish
60%
8g Salarsen
60%
7g Shaymin
60%
7g Tarenbulle
60%
8g Trousselin
60%
6g Tutankafer
60%
3g Xatu
60%
9g Zoroark d'Hisui
60%
6g Baggaïd
40%
3g | 6g Brouhabam
40%
6g Capidextre
40%
3g Cerfrousse
40%
5g Crabaraque
40%
9g Crocorible
40%
5g | 6g Cryptéro
40%
9g Favianos
40%
5g Fragilady
40%
6g Gueriaigle
40%
7g Mackogneur
40%
9g Motorizard
40%
7g Necrozma
40%
6g Nosferalto
40%
8g Nostenfer
40%
9g Plumeline style pom-pom
40%
9g Rampe-Ailes
40%
7g | 8g Sarmuraï
40%
9g Scalproie
40%
7g Sucreine
40%
3g Tengalice
40%
7g Vaututrice
40%
6g Braisillon
20%
9g Carmadura
20%
7g Chelours
20%
6g Cocotine
20%
6g Granbull
20%
7g Lougaroc crépusculaire
20%
9g Paragruel femelle
20%
8g Polthégeist
20%
Aucun quiz correspondant
Distribution des résultats
% des personnes avec chaque résultat
Percentile par nombre de réponses
Votre historique - résultats
Vous n’avez pas pris ce quiz depuis la dernière actualisation